| 000 | 01312cam a22002294a 4500 | ||
|---|---|---|---|
| 005 | 20250605164400.0 | ||
| 008 | 250528s ||||||||||||||||||||||||d | ||
| 035 | _a24558 | ||
| 040 |
_aGR-AtMCL _bgre _dGR-AtMCL _eAACR2 |
||
| 245 | 1 | _aΣημειώσεις Ειδικών Κεφάλαιων Οδοποιίας / Ανακάμπτοντες Ελιγμοί - Στοιχεία Ισόπεδων και Ανισόπεδων Κόμβων - Στοιχεία Κυκλοφοριακού Θορύβου | |
| 260 |
_aΑθήνα _bΕ.Μ. Πολυτεχνείο, _c2006 |
||
| 300 | _a274 | ||
| 520 | _aΟρισμός και Χαρακτηριστικά Μεγέθη, Χρησιμοποίηση των Ανακάμπτοντων Ελιγμών, Μορφολογία Ελιγμού, Τύποι Ελιγμών, Διαπλάτυνση στον Ελιγμό, Απαιτούμενα Σχέδια και Διαγράμματα, Μεθοδολογία Μελέτης Ελιγμού, Συμβολισμοί, Εφαρμογή, Πίνακες Ελιγμών. | ||
| 700 | 1 |
_aΓλάρος Γ _99471 |
|
| 700 | 1 |
_aΔραγομάνοβιτς Α _99472 |
|
| 700 | 1 |
_aΚαλτσούνης Α _99473 |
|
| 700 | 1 |
_aΚανελλαϊδης Γ _99474 |
|
| 700 | 1 |
_aΜπαλλής Α _99475 |
|
| 942 | _cBK | ||
| 999 |
_c9432 _d9432 |
||